[Event "FRA-ch Railways-B"]
[Site "Soulac sur Mer"]
[Date "2015.05.26"]
[Round "3"]
[White "Laroche, Pascal"]
[Black "Sainseaux, Patrice"]
[Result "0-1"]
[WhiteElo "1857"]
[BlackElo "1960"]
[PlyCount "102"]
[EventDate "2015.05.26"]
[EventType "swiss"]
[EventRounds "7"]
[EventCountry "FRA"]
[SourceTitle "EXT 2016"]
[Source "ChessBase"]
[SourceDate "2015.10.08"]
[SourceVersion "1"]
[SourceVersionDate "2015.10.08"]
[SourceQuality "1"]

1. c4 c5 2. Nc3 Nc6 3. g3 e6 4. Bg2 Nge7 5. Nf3 g6 6. d4 cxd4 7. Nxd4 Bg7 8. Ndb5 0-0 9. 0-0 a6 10. Nd6 Qc7 11. Nce4 f5 12. Nxc8 Nxc8 13. Nd2 Ne5 14. Rb1 Nd6 15. b3 Rab8 16. Ba3 Rfc8 17. Nf3 Nxf3+ 18. Bxf3 Nf7 19. Qd2 d6 20. Rfd1 Rd8 21. Rbc1 b6 22. Rc2 Bf8 23. Bg2 Rbc8 24. Qe3 Re8 25. Rdc1 Bh6 26. f4 e5 27. Qf3 e4 28. Qe3 Red8 29. Bb2 Bg7 30. Bxg7 Kxg7 31. Qd4+ Kg8 32. Rd1 d5 33. Rdc1 dxc4 34. Qxc4 Qxc4 35. bxc4 Rc5 36. Kf2 Rdc8 37. Ke3 Nd6 38. Kd4 b5 39. e3 bxc4 40. Kc3 Rd5 41. Bf1 Rd3+ 42. Kb4 Rxe3 43. Bxc4+ Rxc4+ 44. Rxc4 Nxc4 45. Kxc4 Re2 46. a4 Rxh2 47. Kd4 Ra2 48. Rc7 Rxa4+ 49. Kd5 Rb4 50. Ra7 Rb6 51. Kd4 h5 0-1

[Event "La Fere op"]
[Site "La Fere"]
[Date "2010.07.04"]
[Round "2"]
[White "Sainseaux, Patrice"]
[Black "Dagnicourt, Francis"]
[Result "1-0"]
[WhiteElo "1905"]
[BlackElo "1739"]
[PlyCount "71"]
[EventDate "2010.07.03"]
[EventType "swiss"]
[EventRounds "9"]
[EventCountry "FRA"]
[SourceTitle "CBM 137 Extra"]
[Source "ChessBase"]
[SourceDate "2010.09.01"]
[SourceVersion "1"]
[SourceVersionDate "2010.09.01"]
[SourceQuality "1"]

1. Nf3 d5 2. d4 Nf6 3. c4 c6 4. Nc3 g6 5. cxd5 cxd5 6. Bf4 Bg7 7. e3 a6 8. h3 Nc6 9. g4 Qa5 10. Rc1 Ne4 11. Qb3 e6 12. Bd3 Nf6 13. Ke2 0-0 14. Rcg1 Bd7 15. h4 h6 16. g5 Nh5 17. Bd6 Rfc8 18. Qc2 Nb4 19. Bxb4 Qxb4 20. gxh6 Bxh6 21. Bxg6 Ng7 22. Bd3 Bb5 23. Bxb5 axb5 24. Ra1 Qe7 25. Qb3 Rc4 26. a3 b4 27. axb4 Rxa1 28. Rxa1 Rxb4 29. Ra8+ Kh7 30. Qc2+ Nf5 31. e4 Rxd4 32. Kf1 Rc4 33. exf5 f6 34. fxe6+ Kg7 35. Qf5 Rf4 36. Qxd5 1-0

[Event "Rhone op"]
[Site "Marcy Etoile"]
[Date "2007.04.01"]
[Round "1"]
[White "Sanchez, Joseph"]
[Black "Sainseaux, Patrice"]
[Result "1-0"]
[WhiteElo "2497"]
[BlackElo "1834"]
[PlyCount "67"]
[EventDate "2007.04.01"]
[EventType "swiss"]
[EventRounds "9"]
[EventCountry "FRA"]
[SourceTitle "CBM 117 Extra"]
[Source "ChessBase"]
[SourceDate "2007.05.09"]
[SourceVersion "1"]
[SourceVersionDate "2007.05.09"]
[SourceQuality "1"]

1. e4 c5 2. Nf3 d6 3. d4 cxd4 4. Nxd4 Nf6 5. Nc3 a6 6. Be3 e5 7. Nb3 Be7 8. Qd2 0-0 9. f3 Be6 10. 0-0-0 b5 11. g4 Nc6 12. Kb1 Nd7 13. Nd5 Bxd5 14. exd5 Nd4 15. Bxd4 exd4 16. Nxd4 Re8 17. h4 Qb6 18. g5 Ne5 19. f4 Nc4 20. Bxc4 bxc4 21. Qc3 Qc5 22. Nf5 Bf8 23. Nh6+ gxh6 24. gxh6 Bxh6 25. Rhg1+ Kf8 26. Qf6 Bxf4 27. Qxf4 Re5 28. Rgf1 Ra7 29. Qh6+ Ke8 30. Qxh7 Rae7 31. Qg8+ Kd7 32. Rxf7 c3 33. Rf8 Qb6 34. Qg4+ 1-0